000 00386nam a2200157Ia 4500
008 151213s9999 xx 000 0 und d
100 _aMd, Masud Reza
245 _aVisual Basic 6.0
_cMd, Masud Reza
250 _a1st
260 _aDhaka
_bStep by Step Publication
_c2003
300 _a5168 p.
650 _aComputer
650 _aComputer
700 _aMd, Masud Reza
999 _c3193
_d3193